| 000 | 00544 a2200181 4500 | ||
|---|---|---|---|
| 999 |
_c4553 _d4553 |
||
| 010 | _aENG-86437 | ||
| 020 |
_a8181575067 _c150.00 |
||
| 035 | _aEN-69970 | ||
| 037 | _bDBAD / PUB | ||
| 082 | 1 | 4 | _a881 |
| 100 | 1 | _aWilliams, Mukesh K | |
| 245 | 1 |
_aNakasendo and other poems / _cby Mukesh K. Williams |
|
| 260 |
_aKolkata _bWriters Workshop _c2006 |
||
| 270 |
_a162/42, Lake Gardens, _bCalcutta _cWest Bengal _e700 045 |
||
| 300 |
_a91p. _c22cm (Hb) |
||
| 490 | _aWriters workshop redbird book | ||
| 942 |
_adpl _cEN _2ddc _h881 _mWIL |
||